000 00521nam a2200205Ia 4500
003 OSt
005 20250805114121.0
008 210210b2017 xxu||||| |||| 00| 0 eng d
020 _a9788184875935
040 _cAL
041 _aeng
082 _a574.5 SALE
100 _aSalker A V
_955949
245 _aEnvironmental chemistry
_b: pollution and remedial perspective
260 _aNew Delhi
_bNarosa Publishing House
_c2017
300 _axvi,282
690 _aEcology
_955950
906 _a073032
942 _2ddc
_cBK
999 _c122862
_d122862